Les 20 Pays les Plus Heureux du Monde - Statistiques

Statistiques générales
  • Ce quiz a été pris 503 fois
  • Le résultat moyen est 14 sur 20
Statistiques - réponses
Classement Pays % Correct
20 France
94%
8 Norvège
86%
7 Suède
86%
16 États-Unis
85%
1 Finlande
85%
15 Canada
83%
4 Suisse
80%
14 Allemagne
79%
2 Danemark
77%
17 Royaume-Uni
73%
3 Islande
71%
12 Australie
69%
19 Belgique
69%
5 Pays-Bas
66%
13 Irlande
65%
6 Luxembourg
58%
11 Autriche
54%
10 Nouvelle-Zélande
53%
18 République Tchèque
26%
9 Israël
15%
Aucun quiz correspondant
Distribution des résultats
% des personnes avec chaque résultat
Percentile par nombre de réponses
Votre historique - résultats
Vous n’avez pas pris ce quiz